| 000 | 00942cam a22003015a 4500 | ||
|---|---|---|---|
| 001 | 016822211 | ||
| 003 | OSt | ||
| 005 | 20160830160724.0 | ||
| 008 | 140710s2014 iaua frb 001 0 eng d | ||
| 015 |
_aGBB484453 _2bnb |
||
| 016 | 7 |
_a016822211 _2Uk |
|
| 020 | _a9781119949817 | ||
| 020 | _a1119949815 | ||
| 040 |
_aStDuBDS _beng _cStDuBDS _dEG-ScBUE |
||
| 042 | _aukblcatcopy | ||
| 082 | 0 | 4 |
_222 _a617.693 _bCLI |
| 245 | 0 | 0 |
_aClinical and laboratory manual of dental implant abutments / _cedited by Hamid R. Shafie. |
| 260 |
_aAmes, Iowa : _bWiley Blackwell, _c2014. |
||
| 300 |
_axii, 188 p. : _bill. ; _c29 cm. |
||
| 500 | _aIndex : p. 181-188. | ||
| 504 | _aIncludes bibliographical references. | ||
| 650 | 7 |
_aDental Abutments. _2BUEsh _940980 |
|
| 650 | 7 |
_aDental implants. _2BUEsh _935980 |
|
| 651 | _2BUEsh | ||
| 653 |
_bDDent _cAugust 2016 |
||
| 700 | 1 |
_aShafie, Hamid R. _eeditor. _940981 |
|
| 942 |
_2ddc _e22 _k617.693 CLI |
||
| 999 |
_c22283 _d22255 |
||